| 000 | 00652nam a2200205Ia 4500 | ||
|---|---|---|---|
| 001 | 9694 | ||
| 003 | GE_BSU | ||
| 008 | 181216s||||||||xx |||||||||||||| ||und|| | ||
| 040 | _cGE_BSU | ||
| 080 | _a821.353.1–32 | ||
| 100 | _aნატროშვილი,გიორგი | ||
| 245 | _aმოთხრობები. | ||
| 245 | _cმხატვ.ზ.რაზმაძე.გ.მელიქიშვილი | ||
| 260 | _aთბილისი | ||
| 260 | _bლიტერატურა და ხელოვნება | ||
| 260 | _c1967 | ||
| 300 | _a125გვ.16სმ. | ||
| 653 | _aმოთხრობები. | ||
| 942 | _cBK | ||
| 999 |
_c42977 _d42977 |
||